1441 1054 1550 1257 1664 1250 1658 1674 1647 1921 1135 1124 1357 1527 1539 1445 1008 1375 1394 1509 1862 1625 1686 1683 1009 1813 1376 1283 1129 1221 1738 1649 1166 1305 1657 1619 1574 1037 1542 1594 1325 1697 1344 1433 1791 1141 1321 1276 1815 1049 1396 1991 1911 1231 1750 1003 1231 1775 1680 1048 1864 1000 1981 1674 1858 1267 1390 1225 1286 1753 1281 1109 1456 1086 1093 1607 1325 1141 1884 1101 1537 1995 1626 1228 1676 1948 1737 1469 1941 1329 1691 1991 1544 1321 1948 1167 1792 1412 1382 BCNSPRNW ULIB Ver.6.0+V

เปลี่ยนเป็นภาษาไทย

Change to English
 แสดงรายละเอียดบรรณานุกรม
  กลับหน้าหลัก

Brief Record : Get Marc (ISO 2709) : E-mail record : QR code < ปิดหน้าต่าง
LEADER : 00000nam 2200000uu 4500
001    13399122231
003     ULIB
008    020711s2549 th a 000 0 tha d
020    9749983157
020    9789749983157
090    นว.^bY11จ
100    Yong Sok-gil
245    เจ้าพ่อเลือดทรนง 2/^cYong Sok-gil เขียน,Muzume แปล
260    กรุงเทพฯ :^bsiam inter books,^c2549
300    474 หน้า
500     มี 2 เล่ม
700    (...no)Muzume,^eแปล
945    ^p295^l0^i019594
999    ^aทศพร
รายการนี้ยังไม่มีแท็ก
คุณยังไม่ได้ล็อกอิน คุณสามารถมีกิจกรรมร่วมกับเว็บไซต์ได้ แต่ต้องล็อกอินก่อน ::
  ล็อกอิน

รายการสื่อสารสนเทศ

ลำดับที่ ประเภท เลขเรียก/บาร์โค้ด สถานที่ สถานะ
1. นวนิยาย
นวนิยาย
นว. Y11จ ฉ.1 
  Barcode: 019594
ห้องสมุดวิทยาเขตสวรรค์ประชารักษ์
►นวนิยาย
บนชั้น
  ขอยืม

รายการใกล้เคียง
    ผู้แต่ง [Yong Sok-gil]

BibComment


ยังไม่เคยถูกคอมเมนท์

คอมเมนท์ทรัพยากรรายการนี้
  คอมเมนท์: เจ้าพ่อเลือดทรนง ..


 Copyright 2026. Bcnsprnw @Library